Geschichte der Sprachphilosophie: von den Anfangen bis Rousseau
Salvato in:
| Autore principale: | |
|---|---|
| Natura: | Libro |
| Lingua: | tedesco |
| Pubblicazione: |
Tubinga
A. Francke
2003
|
| Serie: | UTB, 2266
|
| Soggetti: | |
| Tags: |
Aggiungi Tag
Nessun Tag, puoi essere il primo ad aggiungerne!!
|
MARC
| LEADER | 00000cam a2200000 a 4500 | ||
|---|---|---|---|
| 001 | UCF8106 | ||
| 003 | CL-VaPUC | ||
| 008 | 130725e20030000gw |||||||||||||||||ger|d | ||
| 020 | |a 3772029795 | ||
| 082 | 0 | 4 | |a 401 |b COS |2 21 |
| 100 | 0 | |a Coseriu, Eugenio |e author |9 471737 | |
| 245 | 1 | 0 | |a Geschichte der Sprachphilosophie: von den Anfangen bis Rousseau |
| 300 | |a 410 p | ||
| 942 | |c BK | ||
| 945 | |d 20130725 00:00:00 |a dcastane | ||
| 260 | |a Tubinga |b A. Francke |c 2003 | ||
| 650 | 0 | |a Filosofía del lenguaje |9 257082 | |
| 650 | 0 | |a Teoría del lenguaje |9 402255 | |
| 583 | |a last modification |c 20130725 12:05:00 |k Rodrigo Vera | ||
| 490 | 0 | |a UTB, 2266 | |
| 999 | |c 352769 |d 352767 | ||
| 952 | |0 0 |1 0 |2 ddc |4 0 |6 401_000000000000000_COS_2003 |7 0 |8 A |9 457427 |a FDOPOS |b FDOPOS |d 2019-11-22 |i 499096K |l 1 |o 401 COS 2003 |p 499096K |r 2025-01-22 |s 2021-07-08 |w 2019-11-22 |y BK |k DLA | ||